शोध प्रतिशोध (Record no. 334993)

MARC details
000 -LEADER
fixed length control field 00537nam a2200169Ia 4500
008 - FIXED-LENGTH DATA ELEMENTS--GENERAL INFORMATION
fixed length control field 090711s9999 xx 000 0 und d
082 ## - DEWEY DECIMAL CLASSIFICATION NUMBER
Item number 122
100 ## - MAIN ENTRY--PERSONAL NAME
Personal name महाले मुकुंद
245 ## - TITLE STATEMENT
Title शोध प्रतिशोध
260 ## - PUBLICATION, DISTRIBUTION, ETC. (IMPRINT)
Name of publisher, distributor, etc जाणीव प्रकाशन
Date of publication, distribution, etc 1999
300 ## - PHYSICAL DESCRIPTION
Extent 214
600 ## - SUBJECT ADDED ENTRY--PERSONAL NAME
Personal name महाले मुकुंद
630 ## - SUBJECT ADDED ENTRY--UNIFORM TITLE
Uniform title शोध प्रतिशोध
700 ## - ADDED ENTRY--PERSONAL NAME
Personal name महाले मुकुंद
730 ## - ADDED ENTRY--UNIFORM TITLE
Uniform title शोध प्रतिशोध
942 ## - ADDED ENTRY ELEMENTS (KOHA)
Koha item type Book

No items available.